000 00297nam a2200121Ia 4500
008 230917s9999||||xx |||||||||||||| ||und||
040 _e192518
_aMAIN
041 _aEnglish
082 _a547.139 M896P
100 _aMukherji, S M
245 0 _aPericyclic reaction; A mechanistic study
942 _cBK
999 _c48095
_d48095